000 01002nam a2200301 a 4500
001 1483334
003 ARRUPE
005 20130927105215.0
008 871005s1986 sz fa b 000 0 eng
010 _a 87142294
020 _a2825408530 (pbk.)
040 _aDLC
_cDLC
_dDLC
041 1 _aengfre
050 0 0 _aJV6346.R4
_bJ3313 1986
100 1 _aJacques, André.
_91561
240 1 0 _aDéracinés.
_lEnglish
245 1 4 _aThe stranger within your gates :
_buprooted people in the world today /
_cAndré Jacques.
260 _aGeneva :
_bWorld Council of Churches,
_cc1986.
300 _aviii, 87 p., [1] leaf of plates :
_bill. ;
_c21 cm.
440 4 _aThe Risk book series ;
_vno. 29
_91562
500 _aTranslation of: Les déracinés.
504 _aIncludes bibliographies.
650 0 _aRefugees.
_91563
650 0 _aEmigration and immigration.
_91564
650 0 _aChurch work with refugees.
_91565
906 _a7
_bcbc
_corignew
_d3
_encip
_f19
_gy-gencatlg
942 _2lcc
_cMONOGRAPH
999 _c118116
_d118116